Statistics for Brooklyn 99 Heist Trivia

Click here to take the quiz!

General Stats

  • This quiz has been taken 71 times
  • The average score is 7 of 10

Answer Stats

QuestionAnswer% Correct
If Jake wins, what does he get?Holt to do all his paperwork
97%
Where does Holt hide his medal?In a locked safe in a locked cabinet with the key that is with him
92%
Who helps Jake?Everyone
86%
What does Jake try and steal?Holt's Medal of Valor
86%
What's Jake's first costume?A janitor
78%
What's the flash mob dressed up as?Royal babies
69%
Why do Amy and Boyle argue?Amy hates Halloween
67%
What prompts the heist?Jake claims if he was a criminal, none of the detectives would be able to catch him
55%
What's the episode's cold open?"Kind, sober, and fully dressed" — the name of Santiago's sex tape
42%
where does Jake receive his prize?The briefing room
41%

Score Distribution

Percentile by Number Answered

Percent of People with Each Score

Your Score History

You have not taken this quiz